| 000 | 00704nam a22002177a 4500 | ||
|---|---|---|---|
| 999 |
_c11098 _d11098 |
||
| 003 | AR-CdUCM | ||
| 008 | 190402b ||||| |||| 00| 0 spa d | ||
| 040 |
_aMUNICIPALIDAD PROVINCIAL DEL CUSCO _cBIBLIOTECA MUNICIPAL DEL CUSCO |
||
| 041 | _hger | ||
| 082 |
_a372.4 / _bR93 / 1946 |
||
| 100 |
_aRühle, Otto _928259 |
||
| 245 | _aEl alma del niño proletario / | ||
| 260 |
_aBuenos Aires : _bSiglo Veinte, _c1946. |
||
| 300 |
_a189 páginas ; _c20 cm. |
||
| 440 |
_aColección "Psiuqe" ; _928260 |
||
| 505 | _aContenido: Inseguridad -- Defensa -- Error -- Solución. | ||
| 650 |
_aPsicología infantil _97924 |
||
| 700 |
_aSalgado, José (traducción) _928261 |
||
| 942 |
_2ddc _cLIBROS |
||
| 945 | _aacv | ||